000 00436nam a2200145Ia 4500
008 230917s9999||||xx |||||||||||||| ||und||
040 _e172381
_aMAIN
041 _aEnglish
082 _a891.437731 SK98M
100 _aसक्सेना, के पी
245 0 _aमूंछ मूंछ की बात
260 _aकानपुर
_bसाहित्य रत्नालय
_c1979
300 _a105 p.
942 _cHN
999 _c206049
_d206049